[Event "9th London Chess Classic 2017"]
[Site "London"]
[Date "2017.12.06"]
[Round "5"]
[White "Nepomniachtchi, Ian"]
[Black "Karjakin, Sergey"]
[Result "1/2-1/2"]
[WhiteElo "2729"]
[BlackElo "2760"]
[Annotator "TA"]
[PlyCount "60"]
[EventDate "2017.??.??"]
[EventCountry "ENG"]
[SourceTitle "playchess.com"]
[Source "ChessBase"]
[SourceQuality "1"]

{[%evp 23,60,-15,0,0,0,0,0,-3,-4,-4,-4,-6,-8,-7,0,-1,0,0,0,0,0,0,0,0,0,0,0,0,0,-27,0,0,0,0,0,0,-3,-5,0]} 1. d4 Nf6 2. c4 e6 3. Nc3 Bb4 4. Qc2 d5 5. cxd5 exd5 6. Bg5 h6 7. Bh4 c5 8. e3 {E35: Nimzo-Indian: Classical: 4...d5 5 cxd5 exd5} (8. dxc5 O-O 9. e3 Be6 10. Nf3 Nbd7 11. a3 Bxc3+ 12. Qxc3 g5 13. Bg3 Ne4 14. Qc2 Ndxc5 15. Nd4 Rc8 {1-0 (41) Kasparov,G (2812)-Le,Q (2739) Saint Louis 2017}) 8... cxd4 9. exd4 Nc6 10. Bb5 O-O 11. Nge2 Qb6 12. Bxc6 Qxc6 {LiveBook: 3 Games} 13. Bxf6 Qxf6 14. O-O Bxc3 15. Qxc3 Bg4 16. f3 {[#]} Bd7 $146 17. Qd2 Bb5 18. Rfe1 Bxe2 19. Rxe2 Rfe8 20. Rae1 Rxe2 21. Rxe2 $11 {[%mdl 4096] Endgame KQR-KQR} Rc8 22. b3 b6 23. h3 a5 24. Qe3 a4 25. bxa4 Rc4 26. Qe8+ Kh7 27. Qe5 {The position is equal.} Rxd4 28. Qxf6 gxf6 29. Rb2 Rxa4 30. Rxb6 Rxa2 {Precision: White = 100%, Black = 78%.} 1/2-1/2

[Event "9th London Chess Classic 2017"]
[Site "London"]
[Date "2017.12.06"]
[Round "5"]
[White "Adams, Michael"]
[Black "Nakamura, Hikaru"]
[Result "1/2-1/2"]
[WhiteElo "2715"]
[BlackElo "2781"]
[Annotator "TA"]
[PlyCount "64"]
[EventDate "2017.??.??"]
[EventCountry "ENG"]
[SourceTitle "playchess.com"]
[Source "ChessBase"]
[SourceQuality "1"]

{[%evp 34,64,45,24,26,27,51,35,32,30,32,7,17,0,0,0,0,0,0,0,0,0,0,0,0,0,17,15,17,0,0,0,9]} 1. e4 c5 2. Nf3 d6 3. d4 cxd4 4. Nxd4 Nf6 5. Nc3 g6 6. Be3 Bg7 7. f3 O-O 8. Qd2 Nc6 9. O-O-O d5 10. exd5 Nxd5 11. Nxc6 bxc6 12. Bd4 Bxd4 13. Qxd4 Qb6 14. Na4 Qc7 {B76: Sicilian Dragon: Yugoslav Attack, 9 g4 and 9 0-0-0} 15. Nc5 (15. Bc4 Nb6 16. Bb3 Nxa4 17. Qxa4 c5 18. Rhe1 e6 19. Qe4 Ba6 20. Bxe6 Bb7 21. Bd5 Bxd5 22. Qxd5 Qxh2 {½-½ (41) Caruana,F (2803)-Nakamura,H (2799) Khanty-Mansiysk 2015}) 15... Rd8 16. Bc4 Bf5 17. Bb3 Nb6 18. Qc3 {LiveBook: 3 Games} h5 19. g3 Nd5 20. Qc4 e6 21. Rhe1 {[#]} Qe7 $146 ({Predecessor:} 21... Nb6 22. Qc3 {½-½ (48) Muzychuk,A (2587)-Cmilyte,V (2528) Eilat 2012}) 22. Nd3 Nb6 {[%cal Bd5b6,Bb6d7,Bd7c5][%mdl 32] The position is equal.} 23. Qc5 Rd6 24. Rd2 Nd7 25. Qc3 Bxd3 26. Rxd3 Rxd3 27. Qxd3 Nc5 28. Qc3 Rd8 29. a3 Qd6 30. Bc4 Na4 31. Qe3 Nb6 32. Be2 Qe7 {Precision: White = 76%, Black = 80%.} 1/2-1/2

[Event "9th London Chess Classic 2017"]
[Site "London"]
[Date "2017.12.08"]
[Round "6"]
[White "Vachier-Lagrave, Maxime"]
[Black "Caruana, Fabiano"]
[Result "1/2-1/2"]
[WhiteElo "2789"]
[BlackElo "2799"]
[Annotator "TA"]
[PlyCount "72"]
[EventDate "2017.??.??"]
[EventCountry "ENG"]
[SourceTitle "playchess.com"]
[Source "ChessBase"]
[SourceQuality "1"]

{[%evp 23,72,32,30,25,31,31,32,20,30,30,25,6,7,6,7,10,22,20,19,15,25,27,26,0,0,0,0,0,0,-3,0,0,0,0,0,0,0,0,0,0,0,0,0,0,0,0,0,0,0,0,0]} 1. e4 e5 2. Nf3 Nf6 3. Nxe5 d6 4. Nf3 Nxe4 5. d4 d5 6. Bd3 Bd6 7. O-O O-O 8. c4 c6 9. Re1 Bf5 10. Qb3 Qd7 {C42: Petroff Defence: 3 Nxe5 and unusual White 3rd moves} 11. Nc3 Nxc3 12. Bxf5 Qxf5 {LiveBook: 10 Games. White is slightly better.} 13. Qxb7 Qd7 14. Qxd7 $1 (14. Qxa8 $2 {perishes.} Na4 $19) 14... Nxd7 15. c5 {[#]} Bxh2+ $1 {[%mdl 512]} 16. Nxh2 Ne4 {[#]} 17. f3 $146 ({Predecessor:} 17. Bf4 Rfe8 18. f3 {½-½ (53) Svidler,P (2728)-Ivanchuk,V (2750) Morelia/Linares 2007}) 17... Ng3 18. Bf4 Nf5 19. Rad1 Rfe8 20. Rxe8+ Rxe8 21. g4 Ne7 22. Rd3 Nf8 23. Rb3 Ne6 {The position is equal.} 24. Be3 Ng6 25. Kf2 Ngf4 26. Rb7 Kf8 27. Nf1 Re7 28. Rb8+ Re8 29. Rb7 Re7 30. Rb8+ Re8 31. Rxe8+ Kxe8 32. Bxf4 Nxf4 $11 {KN-KN} 33. Ke3 $1 {[%cal Re3f4]} Ng2+ 34. Kf2 Nf4 35. Ke3 $1 {[%cal Re3f4]} Ng2+ 36. Kf2 Nf4 {Precision: White = 87%, Black = 95%.} 1/2-1/2

[Event "9th London Chess Classic 2017"]
[Site "London"]
[Date "2017.12.08"]
[Round "6"]
[White "So, Wesley"]
[Black "Aronian, Levon"]
[Result "1/2-1/2"]
[WhiteElo "2788"]
[BlackElo "2805"]
[Annotator "TA"]
[PlyCount "75"]
[EventDate "2017.??.??"]
[EventCountry "ENG"]
[SourceTitle "playchess.com"]
[Source "ChessBase"]
[SourceQuality "1"]

{[%evp 19,75,8,18,26,28,21,22,21,13,37,22,18,82,99,88,-15,-18,-20,0,17,121,23,13,12,12,14,22,20,22,22,17,0,0,0,49,-143,-143,-137,-137,-95,-123,-164,0,0,0,0,0,0,0,0,0,0,0,0,0,0,0,0]} 1. e4 e5 2. Nf3 Nc6 3. Bb5 a6 4. Ba4 Nf6 5. O-O Be7 6. Re1 b5 7. Bb3 O-O 8. a4 b4 9. d4 d6 10. dxe5 dxe5 11. Nbd2 {C88: Closed Ruy Lopez: Anti-Marshall Systems} Bc5 12. a5 Be6 13. Bxe6 $146 ({Predecessor:} 13. Qe2 Qe7 14. Bc4 Nd4 15. Nxd4 Bxd4 16. Nb3 Rfd8 17. Nxd4 Bxc4 18. Nf5 Qe6 {0-1 (57) Dominguez Perez,L (2739)-Aronian,L (2799) Saint Louis 2017}) 13... fxe6 14. Qe2 Ng4 15. Rf1 Bxf2+ (15... Nd4 $1 $11 {remains equal.} 16. Qc4 (16. Nxd4 Rxf2 17. Rxf2 Qxd4 $17) 16... Qd6) 16. Rxf2 $16 {Hoping for Rf1.} Nd4 17. Qc4 (17. Qd3 $1 $16) 17... Nxf2 $11 18. Kxf2 Qh4+ 19. Kg1 Qg4 {[#]} (19... Qf4 $11) 20. h3 (20. Qd3 $1 $16) 20... Qg3 21. Qd3 $1 {[#]} ({Don't blunder} 21. Nxd4 $2 Rf2 $19) 21... Rxf3 $1 {[%mdl 512]} 22. Nxf3 Rf8 $1 23. Nxd4 Qe1+ $1 24. Kh2 Rf1 25. Qxf1 $1 Qxf1 26. Nf3 ({But not} 26. Nxe6 Qc4 $17) 26... c5 {[%cal Bc7c5,Bc5c4,Bc4c3][%mdl 32]} (26... Qc4 $5 {[%cal Rc4e4]}) 27. b3 $2 (27. Nxe5 $14 {keeps the upper hand.} Qe1 28. Nf3 Qxe4 29. Bd2) 27... Qd1 $17 28. Bb2 Qxc2 29. Bxe5 Qxb3 30. Rf1 {[#]} h6 $2 (30... Qc2 $1 $19 {White must now prevent ...b3.} 31. Kg3 c4) 31. Rf2 $1 $11 {The position is equal.} c4 {aiming for ...c3.} 32. Rd2 $1 {[%cal Rd2d8] Threatening Rd8+.} c3 33. Rd8+ Kf7 $1 {And now ...c2 would win.} 34. Rc8 Qb1 35. Rc7+ Ke8 36. Rc8+ Kf7 (36... Kd7 $5 37. Rc7+ $8 Ke8 $11) 37. Rc7+ Ke8 38. Rc8+ {Precision: White = 56%, Black = 52%.} 1/2-1/2

[Event "9th London Chess Classic 2017"]
[Site "London"]
[Date "2017.12.08"]
[Round "6"]
[White "Anand, Viswanathan"]
[Black "Karjakin, Sergey"]
[Result "1/2-1/2"]
[WhiteElo "2782"]
[BlackElo "2760"]
[Annotator "TA"]
[PlyCount "40"]
[EventDate "2017.??.??"]
[EventCountry "ENG"]
[SourceTitle "playchess.com"]
[Source "ChessBase"]
[SourceQuality "1"]

{[%evp 14,40,33,27,25,0,0,0,0,0,0,0,0,0,10,0,0,0,26,0,25,33,33,0,0,0,25,0,0]} 1. c4 Nf6 2. Nc3 e6 3. e4 d5 4. e5 d4 5. exf6 dxc3 6. bxc3 Qxf6 7. Nf3 e5 8. d4 {[%cal Bd2d4,Bd4d5][%mdl 32]} Nc6 {A18: English Opening: Flohr-Mikenas System (1 c4 Nf6 2 Nc3 e6 3 e4)} 9. Bg5 Qg6 {Threatens to win with ...e4.} 10. d5 Nb8 11. h4 {[%cal Bh2h4,Bh4h5][%mdl 32]} h6 12. h5 Qa6 $146 ({Predecessor:} 12... Qd6 13. Be3 Nd7 14. c5 Nxc5 15. Bb5+ {1-0 (32) Adhiban,B (2671)-Wei,Y (2740) Hoogeveen 2017}) 13. Be3 Nd7 14. Bd3 Ba3 15. O-O $36 {[%mdl 2048] White is more active.} Qd6 16. Nh4 {aiming for Nf5.} O-O 17. Nf5 Qf6 18. Ng3 Qh4 19. Nf5 Qf6 20. Ng3 Qh4 {Precision: White = 62%, Black = 76%.} 1/2-1/2

[Event "9th London Chess Classic 2017"]
[Site "London"]
[Date "2017.12.08"]
[Round "6"]
[White "Nakamura, Hikaru"]
[Black "Carlsen, Magnus"]
[Result "1/2-1/2"]
[WhiteElo "2781"]
[BlackElo "2837"]
[Annotator "TA"]
[PlyCount "145"]
[EventDate "2017.??.??"]
[EventCountry "ENG"]
[SourceTitle "playchess.com"]
[Source "ChessBase"]
[SourceQuality "1"]

{[%evp 16,145,10,9,7,0,4,-13,-24,-22,7,20,0,0,0,0,27,19,41,46,26,56,61,22,50,22,44,44,44,45,46,42,37,38,81,79,80,80,81,79,85,81,82,74,84,64,80,72,75,78,82,79,175,133,230,226,230,227,210,214,218,182,233,231,236,230,226,226,312,312,271,256,12835,12832,12833,12832,12834,12835,12835,12835,12835,12835,12836,12828,12837,12835,12834,12834,12834,12832,12833,12832,12833,12834,12829,492,419,419,396,389,12836,12835,321,0,0,0,0,0,0,0,0,0,0,0,0,0,0,0,0,0,0,0,0,0,0,0,0,0,0,0,0,0]} 1. e4 e5 2. Nf3 Nc6 3. d4 exd4 4. Nxd4 Nf6 {[%cal Bg8f6,Bf6d5,Bd5b6,Bb6c4][%mdl 32]} 5. Nxc6 bxc6 6. e5 Qe7 7. Qe2 Nd5 8. h4 Bb7 {C45: Scotch Game} (8... a5 9. c4 Ba6 10. Nd2 Nb4 11. Nf3 c5 12. b3 Bb7 13. Bb2 a4 14. a3 Nc6 15. Qe3 axb3 16. Bd3 {0-1 (28) Morozevich,A (2676)-Jakovenko,D (2710) Sochi 2017}) 9. c4 {LiveBook: 3 Games} Nb6 10. Rh3 $146 ({Predecessor:} 10. Nc3 Qe6 11. Bd2 O-O-O 12. O-O-O Ba6 13. Bg5 Re8 14. Qd2 Bxc4 15. Bxc4 Qxc4 16. Be3 {0-1 (60) Francisco,R (2273)-Agrest,I (2273) chess.com INT 2017}) 10... Qe6 11. f4 O-O-O 12. a4 d5 13. a5 Nxc4 14. b3 Bb4+ 15. Kf2 Nxa5 {Threatens to win with ...c5.} 16. Bd2 $1 {[%cal Rd2b4]} c5 {White must now prevent ...Nc6.} 17. Rxa5 Bxa5 18. Bxa5 Qf5 19. Nc3 Qxf4+ 20. Kg1 {next Nb5 is good for White.} Rhe8 21. Nb5 {aiming for Rf3.} a6 22. Rf3 Qxe5 23. Qxe5 Rxe5 24. Bxc7 Ree8 25. Bxd8 Rxd8 26. Na3 Rd7 27. Bd3 {Bf5 is the strong threat.} Kd8 28. Bxh7 g6 29. h5 gxh5 30. Rf6 Ke7 31. Rb6 Rc7 32. Nc2 a5 33. Ne3 c4 (33... Bc6 $16 {might work better.}) 34. Bc2 Bc6 (34... cxb3 $16 35. Bxb3 Kd8 36. Nxd5 (36. Bxd5 Bxd5 37. Nxd5 Ra7 $16) 36... Rc1+ 37. Kf2 Bc6) 35. bxc4 $18 dxc4 36. Ra6 (36. Nxc4 Bxg2 37. Ne3 Rc3 $14) 36... a4 37. Bxa4 Be4 38. Ra5 Ke6 (38... f5 $142 39. Nxf5+ Ke6) 39. Rxh5 c3 40. Bb3+ Kd6 {[#] intending ...c2.} 41. Bc2 $1 {[%cal Rc2e4]} Bxc2 42. Nxc2 {[%mdl 4096] Endgame KRN-KR} Ke6 43. Kf2 f5 $2 (43... Rd7) 44. Rh3 Ke5 45. Rd3 Kf4 46. Rd4+ Kg5 47. Kf3 Rc8 48. Ra4 Rc7 49. Ra8 Kf6 50. Ra6+ Kg5 51. Nd4 Rc4 52. Ne6+ Kf6 53. Nf4+ Ke5 54. Nd3+ Kd5 55. Ra2 (55. Ra5+ $142 Kd6 56. Ke2) 55... Kd4 56. Nc1 c2 57. Ra5 {Threatening mate with Ne2+.} Rc3+ $2 (57... Kc3 58. Ne2+ (58. Rxf5 Kd2 $18) 58... Kd2 59. Rxf5 Rc3+ 60. Kf2 (60. Nxc3 c1=Q $11) 60... Rd3) 58. Kf4 Rc8 {[#]} 59. Rxf5 $2 (59. Ra3 $1 $18) 59... Re8 $1 $11 {The position is equal.} 60. Rf7 {Hoping for Rc7.} Re1 61. Rd7+ Kc3 62. Rc7+ Kd2 63. Nb3+ Kd3 64. Nc5+ Kd4 65. Nb3+ Kd3 66. Nc5+ Kd4 67. Nb3+ Kd3 68. g4 Rf1+ 69. Kg5 Rb1 70. Nc5+ Ke3 71. Nb3 {And now Rc3+ would win.} Kd3 $1 72. Nc5+ Ke3 73. Nb3 {Precision: White = 71%, Black = 59%.} 1/2-1/2

[Event "9th London Chess Classic 2017"]
[Site "London"]
[Date "2017.12.08"]
[Round "6"]
[White "Adams, Michael"]
[Black "Nepomniachtchi, Ian"]
[Result "0-1"]
[WhiteElo "2715"]
[BlackElo "2729"]
[Annotator "TA"]
[PlyCount "171"]
[EventDate "2017.??.??"]
[EventCountry "ENG"]
[SourceTitle "playchess.com"]
[Source "ChessBase"]
[SourceQuality "1"]

{[%evp 18,171,18,16,16,8,34,41,29,16,17,20,27,38,40,19,26,15,8,6,11,10,14,5,12,0,0,4,4,4,10,0,14,5,6,0,10,0,17,10,19,16,33,29,51,34,37,36,45,43,35,36,35,0,0,-87,-72,-73,-73,-87,-87,-95,-76,-85,-76,-97,-97,-97,-97,-97,-97,-97,-97,-97,-97,-97,-97,-97,-97,-97,-85,-100,-100,-100,-85,-85,-85,-100,-85,-85,-85,-85,-85,-107,-107,-107,-107,-107,-107,-107,-100,-85,0,-113,-85,-107,-85,-113,-113,-113,-100,-100,-85,-85,-85,-113,-113,-113,-113,-118,-85,-85,-85,-118,-118,-155,-173,-579,-462,-29961,-29962,-29960,-29962,-29958,-29960,-7200,-5171,-29963,-29958,-29966,-29965,-29972,-29973,-29973,-29975,-29975,-29976,-29976,-29977,-29977,-29978,-29978,-29979,-29979,-29980,-29982]} 1. e4 c5 2. Nf3 d6 3. d4 cxd4 4. Nxd4 Nf6 5. Nc3 a6 6. a4 g6 7. Be2 Bg7 8. O-O O-O 9. Be3 Nc6 10. Qd2 Nxd4 {B90: Sicilian Najdorf: Unusual White 6th moves, 6 Be3 Ng4 and 6 Be3 e5} (10... Rb8 11. h3 Bd7 12. Rfd1 Qc7 13. Nb3 {½-½ (13) Grischuk,A (2783)-Vachier Lagrave,M (2804) Tbilisi 2017}) 11. Bxd4 Be6 12. a5 Rc8 {White is slightly better.} 13. Rfd1 Qc7 {[#]} 14. h3 $146 ({Predecessor:} 14. Bb6 Qb8 15. Bd4 {½-½ (17) Movsesian,S (2659)-Korobov,A (2680) Czechia 2015}) 14... Rfe8 15. Ra3 Nd7 16. Bxg7 Kxg7 17. Qd4+ Kg8 18. Rd2 Qc5 19. Qxc5 Rxc5 20. Nd5 Bxd5 21. exd5 b5 22. axb6 Nxb6 23. Rxa6 Nxd5 24. c3 Nc7 25. Rb6 d5 26. Rb7 e6 27. Rd3 Na8 28. Rd4 Rc7 29. Rdb4 Kg7 30. f4 Ree7 31. Rxc7 Rxc7 $14 {[%mdl 4096] Endgame KRB-KRN} 32. Rb8 Ra7 33. b4 Nc7 34. b5 Ra8 35. Rb7 Ne8 36. c4 (36. b6 $11 {keeps the balance.}) 36... Nd6 37. Rc7 dxc4 38. Bxc4 Ra1+ $1 39. Kf2 Rc1 40. b6 {Hoping for Bd3.} Nxc4 $17 {KRN-KR} 41. b7 Rb1 42. Rxc4 {Rc7 is the strong threat.} Rxb7 {KR-KR} 43. Ra4 h6 44. Ra5 Rb2+ 45. Kf3 Rb3+ 46. Kf2 Rd3 47. h4 Rd5 48. Ra7 g5 49. hxg5 hxg5 50. fxg5 Rxg5 51. g3 Kg6 52. Kf3 Rf5+ 53. Kg2 Rb5 54. Re7 e5 55. Kf2 f6 56. Re8 Kf5 57. Rf8 Rb3 58. Kg2 Rb2+ 59. Kf3 Rb3+ 60. Kg2 $1 Ke6 61. Kf2 Ra3 62. Re8+ Kf5 63. Rf8 Ra7 64. Kf3 Rg7 65. Re8 Kg5 66. Re6 Rg8 67. Re7 Kf5 68. Rh7 Ra8 69. Rh5+ Kg6 70. Rh4 f5 71. Rb4 Kg5 72. Rb7 $2 (72. Kg2) 72... e4+ $19 73. Ke3 (73. Kg2 $19 Ra2+ 74. Kh3) 73... Ra3+ 74. Kf2 Ra2+ $1 75. Ke3 {[#]} Kg4 $1 76. Rg7+ Kh3 77. Rg5 Ra3+ {Black mates.} 78. Kf2 Rf3+ 79. Ke1 Kg2 80. Ke2 Rf2+ 81. Ke3 Kf1 82. g4 Rf3+ 83. Kd4 {[#]} e3 $1 {[%cal Re3e2]} 84. Rxf5 Rxf5 85. Kxe3 Rf8 86. Kd4 {Precision: White = 61%, Black = 66%.} 0-1

[Event "9th London Chess Classic 2017"]
[Site "London"]
[Date "2017.12.09"]
[Round "7"]
[White "Carlsen, Magnus"]
[Black "Adams, Michael"]
[Result "1-0"]
[WhiteElo "2837"]
[BlackElo "2715"]
[Annotator "TA"]
[PlyCount "115"]
[EventDate "2017.??.??"]
[EventCountry "ENG"]
[SourceTitle "playchess.com"]
[Source "ChessBase"]
[SourceQuality "1"]

{[%evp 14,115,0,-17,0,-56,0,-14,0,-104,0,-159,-145,-149,-84,-128,30,40,35,31,11,33,96,-45,-55,-45,-47,-61,-83,-51,-34,-105,-77,-123,-120,-123,-137,-133,-106,-117,-64,-52,-42,-84,-27,-35,-20,-27,-20,-27,0,0,0,-12,-12,-30,0,0,0,0,0,0,0,0,0,0,0,0,0,0,0,0,36,32,63,0,35,31,29,45,53,34,49,33,31,31,31,34,38,40,213,204,564,564,522,539,558,564,549,539,690,652,618,606]} 1. f4 d5 2. Nf3 Nf6 3. g3 g6 4. Bg2 Bg7 5. O-O O-O 6. d3 c5 7. c3 Nc6 8. Na3 Re8 {A03: Bird's Opening with 1...d5} (8... Bg4 9. Qc2 d4 10. e4 Rc8 11. h3 Bxf3 12. Bxf3 dxc3 13. bxc3 Nd4 14. cxd4 Qxd4+ 15. Kg2 Qxa1 16. Be3 {1-0 (33) Kamsky,G (2676)-Antipov,M (2582) Bastia 2017}) 9. Nh4 (9. Qc2 $11) 9... b6 10. e4 dxe4 {The position is equal.} 11. Qa4 $146 (11. dxe4 $11 {remains equal.} Qxd1 12. Rxd1) ({Predecessor:} 11. dxe4 Qxd1 12. Rxd1 e5 13. Nb5 Bg4 14. Rd6 Rac8 15. fxe5 Nd7 16. Rd5 {0-1 (59) Van Dooren,D (2335)-Abbasov,F (2519) Cappelle-la-Grande 2008}) 11... Qxd3 $17 {aiming for ...Na5.} 12. Qxc6 $2 (12. Rd1 $1 $11 Qe2 13. Bf1) 12... Bd7 13. Qc7 Ng4 (13... Rec8 $142 $1 {[%cal Rc8c7]} 14. Qe5 Bc6 15. Qxe7 Re8) 14. Re1 Bd4+ $2 (14... Rac8 $1 $17 {[%cal Rc8c7]} 15. Qxa7 Bd4+ 16. Kh1 (16. cxd4 Qxd4+ 17. Be3 Nxe3 $15) 16... Nf2+ 17. Kg1 Nh3+ 18. Kh1 Nf2+ 19. Kg1 Nh3+ 20. Kh1 Nf2+) 15. cxd4 $11 Qxd4+ 16. Be3 $1 {[%cal Re3d4]} (16. Kh1 {is a self mate.} Nf2+ 17. Kg1 Nh3+ 18. Kh1 Qg1+ $1 {[%mdl 512]} 19. Rxg1 Nf2#) 16... Nxe3 17. Qe5 $1 f5 {[#]} (17... Nxg2+ $14 18. Qxd4 cxd4 19. Nxg2 Bc6) 18. Bh3 (18. Nf3 $1 $16 {[%cal Rf3d4][%mdl 512]} Qd3 (18... exf3 19. Bxf3) 19. Bh3) 18... Nc2+ $15 19. Qxd4 Nxd4 20. Rxe4 fxe4 21. Bxd7 Red8 22. Ba4 {[#]} (22. Bg4 $15) 22... e5 $1 {[%mdl 512]} 23. Re1 (23. fxe5 g5) 23... exf4 {Strongly threatening ...g5.} 24. gxf4 a6 25. Bd1 b5 26. Nb1 Nf5 ({Black should try} 26... Ra7 $17 27. Kf2 Re7) 27. Nxf5 gxf5 28. Kf2 Kf7 (28... Rd3 $17 29. Be2 Rh3) 29. Be2 $11 Rd6 {Threatening ...Ke7.} 30. h4 c4 31. a4 Rc8 32. axb5 axb5 33. Na3 Rd5 34. Rc1 Rdc5 35. Nc2 Ra8 {White must now prevent ...Ra2.} 36. Ne3 Rac8 37. h5 Ke6 38. h6 Kf6 39. Ra1 b4 {[%cal Bb5b4,Bb4b3][%mdl 32]} 40. Ra6+ Ke7 41. Ra7+ Kf6 42. Ke1 b3 43. Rb7 {[%mdl 1024] White has compensation.} Ke6 44. Rb6+ (44. Rb4 $14) 44... Ke7 (44... Kd7 $5 {[%cal Rd7c7]}) 45. Rb4 {[%cal Re2c4]} R8c6 46. Bxc4 Rxh6 47. Rxb3 Kd8 48. Rb8+ Kc7 49. Rf8 Rh3 50. Nd5+ Kb7 51. Rf7+ Kb8 $2 (51... Kc6 $14 52. Rf6+ Kb7) 52. b3 $18 {Hoping for Nb4.} Rh2 $2 (52... Rc6 {is more resistant.} 53. Rxf5 Rg6 54. Rf8+ Kb7 55. Rf7+ Kb8) 53. Nb4 $1 {[%cal Rb4a6] White is clearly winning.} Kc8 {[#]} 54. Na6 $1 {[%cal Ra6c5]} Rc6 {[#]} 55. Rf8+ $1 Kb7 56. Bd5 Kxa6 {[%cal Rc6c1]} 57. Bxc6 Kb6 58. Bd7 {Precision: White = 65%, Black = 36%.} 1-0

[Event "9th London Chess Classic 2017"]
[Site "London"]
[Date "2017.12.09"]
[Round "7"]
[White "Aronian, Levon"]
[Black "Nakamura, Hikaru"]
[Result "1/2-1/2"]
[WhiteElo "2805"]
[BlackElo "2781"]
[Annotator "TA"]
[PlyCount "90"]
[EventDate "2017.??.??"]
[EventCountry "ENG"]
[SourceTitle "playchess.com"]
[Source "ChessBase"]
[SourceQuality "1"]

{[%evp 18,90,11,8,33,38,21,46,33,28,29,33,43,55,59,37,16,11,17,11,12,11,6,19,36,37,22,25,30,22,34,30,72,61,69,9,14,5,16,6,10,24,34,27,27,20,36,31,45,49,49,60,60,49,80,35,92,47,47,16,68,30,30,30,30,0,0,0,0,0,0,0,0,0,0]} 1. d4 Nf6 2. c4 e6 3. Nf3 d5 4. Nc3 Be7 5. Bf4 O-O 6. e3 c5 7. dxc5 Bxc5 8. Qc2 Nc6 9. Rd1 Qa5 10. a3 Re8 {D37: Damengambit (5.Lf4)} 11. Nd2 {zielt auf Sb3 ab.} e5 12. Bg5 {[#] Und weiter mit Sb3 wäre nett.} Nd4 $1 {[%cal Rd4c2][%mdl 512] Weiß steht etwas besser.} 13. Qb1 (13. exd4 exd4+) 13... Bf5 14. Bd3 Bxd3 $1 15. Qxd3 Ne4 $1 {[%cal Re4g5]} ({Falsch wäre} 15... e4 $2 16. Qb1 $18) 16. Nxd5 Nxg5 17. b4 {[#]} Qd8 $146 ({Vorgänger:} 17... Qa6 18. bxc5 {1-0 (34) Aronian,L (2801)-Inarkiev,E (2683) Palma de Mallorca 2017}) 18. bxc5 {[#] Und h4 würde nun gewinnen.} Nde6 19. O-O {Weiss will Sb3 spielen.} Nxc5 20. Qb1 Rc8 21. f4 exf4 22. exf4 Nge4 23. Nxe4 Rxe4 24. Rde1 Rxe1 25. Rxe1 Rb8 26. Qb5 (26. h3 $14) 26... Nd7 $11 27. h3 Nf6 28. Nxf6+ gxf6 {[%mdl 4096] Endspiel KDT-KDT} 29. Kh2 Qd6 30. Qf5 $36 {[%mdl 2048] Weiss hat Initiative.} b6 31. c5 bxc5 32. Rc1 Kh8 33. Rxc5 Rg8 34. Rd5 Qb6 35. Rd7 Qc6 {[%csl Gg8][%cal Rc6g2]} 36. Rd2 ({Doch nicht} 36. g4 Re8 $11) 36... Re8 ({Lieber} 36... Rg6 $14) 37. Qh5 Qe4 38. Qh4 Qf5 (38... Kg7 $11) 39. Rb2 Re4 40. Qg3 {jetzt Tb8+ und aus.} Qg6 41. Qf2 {Droht stark Tb8+.} Qf5 {Die Stellung ist ausgeglichen.} 42. Rb8+ Kg7 43. Rb3 Qxf4+ 44. Rg3+ $1 Kf8 $1 45. Qxa7 Qe5 {Precision: Weiß = 67%, Schwarz = 65%.} 1/2-1/2

[Event "9th London Chess Classic 2017"]
[Site "London"]
[Date "2017.12.09"]
[Round "7"]
[White "Caruana, Fabiano"]
[Black "So, Wesley"]
[Result "1/2-1/2"]
[WhiteElo "2799"]
[BlackElo "2788"]
[Annotator "TA"]
[PlyCount "60"]
[EventDate "2017.??.??"]
[EventCountry "ENG"]
[SourceTitle "playchess.com"]
[Source "ChessBase"]
[SourceQuality "1"]

{[%evp 13,60,0,7,0,0,0,9,9,9,0,10,7,18,4,8,0,12,8,1,0,0,-4,-7,-10,6,-20,-20,-20,-20,-20,-20,-23,-14,-40,-29,-40,-11,-12,-12,-12,-6,-10,0,-3,0,-10,-12,-11,-8]} 1. e4 e5 2. Nf3 Nc6 3. Bb5 a6 4. Ba4 Nf6 5. d3 Bc5 6. c3 b5 7. Bb3 d6 8. Nbd2 {[%cal Bb1d2,Bd2f1,Bf1g3,Bg3e4][%mdl 32] C77: Ruy Lopez: 3...a6 4 Ba4 Nf6, unusual lines} O-O (8... Bb6 9. Nf1 Ng4 10. d4 exd4 11. h3 Nge5 12. Nxd4 O-O 13. Ng3 Nxd4 14. cxd4 Ba5+ 15. Kf1 Nc4 {0-1 (41) Caruana,F (2807)-Najer,E (2707) Tbilisi 2017}) 9. Nf1 d5 10. exd5 Nxd5 {...Nf4 is the strong threat.} 11. Ng3 f6 $146 ({Predecessor:} 11... Bg4 12. h3 Nf4 13. hxg4 Nxd3+ 14. Ke2 Nxf2 15. Qxd8 Raxd8 16. Rf1 e4 17. Ng5 e3 18. Nxf7 Rxf7 19. Bxf7+ Kxf7 20. Bxe3 Bxe3 21. Kxe3 {1-0 (20) Degraeve,J (2542)-Mounier,E (2092) Bastia 1999}) 12. O-O Be6 13. Ne4 Be7 14. d4 exd4 15. Nxd4 Nxd4 16. Qxd4 Bf7 17. Re1 Re8 18. Be3 c6 {[%cal Bc7c6,Bc6c5][%mdl 32]} 19. Ng3 Bf8 20. Bd2 Qd7 21. Bc2 c5 22. Qh4 {[%csl Gc2][%cal Rh4h7] [#]} Bg6 23. Bxg6 hxg6 24. Rad1 Rxe1+ (24... Nb6 {seems wilder.} 25. Ne4 Rad8 26. b3 Qd3 27. f3 Qc2) 25. Rxe1 {The position is equal.} Re8 26. Rxe8 Qxe8 27. Qg4 Kf7 28. Qf3 Qd7 29. Ne4 Qf5 30. Qe2 c4 {Precision: White = 81%, Black = 63%.} 1/2-1/2